Statistics for Sonic characters by emojis

Click here to take the quiz!

General Stats

  • This quiz has been taken 143 times
    (118 since last reset)
  • The average score is 16 of 18

Answer Stats

HintAnswer% Correct
๐Ÿ”ต๐Ÿฆ”๐Ÿ‘Ÿ๐Ÿ‘ŸโฉSonic
100%
๐ŸŸก๐ŸฆŠ๐Ÿ›ฉ๏ธ๐Ÿ› ๏ธ๐ŸชฝTails
100%
๐Ÿ”ด๐Ÿ’Ž๐Ÿ‘Š๐Ÿ’‚๐Ÿ๏ธKnuckles
99%
๐Ÿฉท๐Ÿฆ”๐Ÿ˜๐Ÿ”จ๐Ÿ”ฎAmy
98%
๐Ÿฅš๐Ÿฅธ๐Ÿง‘โ€๐Ÿ”ฌ๐Ÿ› ๏ธ๐Ÿค–๐Ÿค–๐Ÿค–Dr. Eggman
98%
โšซ๐Ÿฆ”๐Ÿ‘Ÿ๐Ÿ‘Ÿโฉ๐Ÿงช๐Ÿ‘ฝShadow
98%
๐Ÿฆ‡๐Ÿฉท๐Ÿ’Ž๐Ÿค‘๐Ÿ’ฐRouge
92%
โšช๐Ÿฆ”๐Ÿ’๐Ÿง โŒ›Silver
90%
๐ŸŸฃ๐Ÿฑ๐ŸŽฃ๐ŸŸ๐ŸธBig
89%
๐Ÿ”ต๐Ÿฆ”๐Ÿ‘Ÿ๐Ÿ‘Ÿโฉ๐Ÿค–Metal Sonic
88%
๐Ÿฐ๐Ÿ‘ง๐Ÿชฝ๐Ÿ’ง๐ŸจCream
86%
๐ŸŠ๐Ÿ•ถ๏ธ๐ŸŽธ๐Ÿค‘๐Ÿ•ต๏ธVector
86%
๐ŸŸฃ๐Ÿฑ๐Ÿ‘ธ๐Ÿ”ฅ๐Ÿ”ฅ๐Ÿ”ฅBlaze
82%
๐ŸฆŽ๐Ÿฅท๐Ÿซฅ๐Ÿ•ต๏ธEspio
77%
๐Ÿ๐Ÿ‘ถ๐Ÿ•ต๏ธCharmy
76%
๐ŸŸข๐Ÿฆ…๐Ÿ„โฉ๐Ÿ•ถ๏ธJet
72%
๐Ÿ’ง๐ŸŒŠ๐Ÿ’Ž7๏ธโƒฃ๐Ÿ‰Chaos
64%
๐Ÿค–๐Ÿ”ซ๐Ÿš€๐Ÿ”ฅE-123 Omega
64%

Score Distribution

Percentile by Number Answered

Percent of People with Each Score

Your Score History

You have not taken this quiz since the last reset